Blueprint reading for machine technology
| Main Author: | |
|---|---|
| Other Authors: | , |
| Format: | Book |
| Published: |
Boston, Massachusette :
Breton Publisher ,
c1985
|
| Subjects: |
MARC
| LEADER | 00000cam a2200000 7i4500 | ||
|---|---|---|---|
| 001 | 0000000561 | ||
| 005 | 20050427.0 | ||
| 020 | |a 053401383x | ||
| 040 | |a INS | ||
| 090 | 0 | 0 | |a T379. |b R38 1985 |
| 100 | 1 | |a Rayshich, Daniel | |
| 245 | 1 | 0 | |a Blueprint reading for machine technology |c Daniel Rayshich |
| 260 | |a Boston, Massachusette : |b Breton Publisher , |c c1985 | ||
| 650 | 0 | 0 | |a Blue prints |
| 700 | 1 | |a Hale, Lester W. | |
| 700 | 1 | |a Mac Guire, Larry E. | |
| 999 | |a 0000003350 |b BOOK |c Open Shelf |e Default branch | ||